000 00561nam a22001697a 4500
003 OSt
005 20140519213004.0
008 131118b1969 slv spa
040 _cBMC
082 _a972.84052
245 0 0 _aEl Salvador 1969
260 _aSan Salvador
_bSecretaría de Información de la Presidencia de la República
_c1969?
300 _a238 p.
_bil. col. y n.
_c24 cm
_e+ 1 h. pleg.
651 4 _93231
_aEl Salvador
_xHistoria
_y1967-1972
710 1 _99266
_aEl Salvador
_bSecretaría de Información
_bPresidencia de la República
942 _2ddc
_cBK
999 _c4231
_d4231